000 00505nam a2200181Ia 4500
003 GCL
008 140319s9999 xx 000 0 eng d
040 _aGCL /
_cGCL
082 0 4 _a821.409
_bC T
100 1 _aCHAMBERS
245 1 0 _aTRANSTIGURED RITES IN SEVENTEENTH CENTURE ENGLISH POETRY /
_cCHAMBERS
260 _a[S.N] :
_bUNIVERSITY OF CALIFORNIA PRESS ،
_c1992
300 _a275 P
650 0 4 _aENGLISH POETRY
650 0 4 _aCHRISTIAN POETRY
650 0 4 _aRITUAL - LITERATURE
942 _2ddc
_cBK
999 _c19271
_d19271